000 00323nam a22001457a 4500
020 _a978-93-87788-30-5
041 _aENG
100 _aNarayana.K.L
245 _aMachine Drawing
260 _aLondon
_bNew Age International
_c2019
300 _a468
650 _aFMP
700 _aKannaiah.P , Venkata Reddy
856 _uFMP
999 _c3202
_d3202